000 00549nam a22001817a 4500
005 20251108164154.0
008 250721s1990 xx 000 0 ara d
082 1 4 _a301.2973/بير
100 1 _aبيري، لويس
245 1 0 _aتاريخ الحياة الثقافية في أميركا /
264 1 _aعمان :
_bمركز الكتب الأردني،
_c1990.
300 _a489ص
650 1 7 _aالثقافة
650 1 7 _aالولايات المتحدة
700 1 _aالعناني، أحمد
_etran.
942 _2ddc
_cBK
999 _c5460
_d5460